[Event "Beograd 71/109"]
[Site "?"]
[Date "1997.??.??"]
[Round "?"]
[White "Anand, Viswanathan"]
[Black "Beliavsky, Alexander G"]
[Result "1/2-1/2"]
[WhiteElo "2765"]
[BlackElo "2710"]
[PlyCount "52"]
[EventDate "1997.??.??"]
[Source "ChessBase"]
[SourceDate "1997.10.01"]

1. e4 d6 2. d4 Nf6 3. Nc3 g6 4. Be3 e5 5. f3 exd4 6. Qxd4 Bg7 7. O-O-O O-O 8. Qd2 Be6 9. Bh6 Bxh6 10. Qxh6 Nbd7 11. g4 Qe7 12. h4 Ne5 13. Be2 c6 14. Nh3 Rad8 15. h5 Rfe8 16. Nf4 Nfxg4 17. fxg4 g5 18. Nxe6 fxe6 19. Rdf1 Rf8 20. Nd1 Rf7 21. Bc4 Rxf1 22. Rxf1 Nxc4 23. Rf6 Qg7 24. Qxg7+ Kxg7 25. Rxe6 Kf7 26. Rh6 Kg7 1/2-1/2

[Event "Hoogovens 5'"]
[Site "Wijk aan Zee"]
[Date "1999.01.18"]
[Round "2"]
[White "Ivanchuk, Vassily"]
[Black "Topalov, Veselin"]
[Result "1-0"]
[WhiteElo "2714"]
[BlackElo "2700"]
[PlyCount "87"]
[EventDate "1999.01.18"]
[Source "ChessBase"]
[SourceDate "1999.03.01"]

1. e4 d6 2. d4 Nf6 3. Nc3 g6 4. g3 Bg7 5. Bg2 O-O 6. Nge2 e5 7. h3 Nc6 8. Be3 a6 9. O-O exd4 10. Nxd4 Bd7 11. Re1 Re8 12. Kh2 Ne5 13. f4 Nc4 14. Bc1 c5 15. Nde2 Bc6 16. Qd3 Nb6 17. Be3 c4 18. Qd4 Ng4+ 19. hxg4 Bxd4 20. Nxd4 Bd7 21. g5 Bg4 22. a4 Rc8 23. Bf2 Nd7 24. Nd5 f6 25. Be3 fxg5 26. fxg5 Rc5 27. Bf4 Rxd5 28. exd5 Ne5 29. Re4 Qb6 30. Rae1 Bd7 31. Bxe5 Rxe5 32. Rxe5 dxe5 33. Nf3 Qxb2 34. Nxe5 Bf5 35. Nxc4 Qc3 36. Re8+ Kg7 37. Nd6 Bxc2 38. Re7+ Kg8 39. Ne8 Kf8 40. d6 Bxa4 41. Nf6 Qc5 42. Nxh7+ Kg8 43. Bd5+ Kh8 44. Nf6 1-0

[Event "Bastia Cup"]
[Site "Bastia"]
[Date "1999.12.04"]
[Round "1.1"]
[White "Rublevsky, Sergei"]
[Black "Smirin, Ilia"]
[Result "0-1"]
[WhiteElo "2660"]
[BlackElo "2671"]
[PlyCount "112"]
[EventDate "1999.11.??"]
[Source "ChessBase"]
[SourceDate "2000.01.11"]

1. e4 d6 2. d4 Nf6 3. Nc3 g6 4. Bg5 Bg7 5. Qd2 h6 6. Bh4 Nbd7 7. O-O-O g5 8. Bg3 c5 9. Nge2 Nh5 10. f3 Nxg3 11. hxg3 Qa5 12. Kb1 Nb6 13. Nd5 Qxd2 14. Rxd2 Nxd5 15. exd5 Bd7 16. dxc5 dxc5 17. g4 Be5 18. Nc3 O-O-O 19. Bb5 Bxc3 20. Bxd7+ Kxd7 21. bxc3 b5 22. g3 Kd6 23. Kb2 c4 24. Rd4 Kc5 25. Re1 Rhe8 26. Re5 f6 27. Rf5 Rd6 28. Re4 a6 29. Re2 Rxd5 30. Rxf6 exf6 31. Rxe8 f5 32. Re6 fxg4 33. fxg4 Rd6 34. Re5+ Kc6 35. Re8 Kd5 36. Ka3 Kc5 37. Rc8+ Kb6 38. Rh8 Ka5 39. Kb2 Re6 40. a3 Re3 41. Rxh6 Rxg3 42. Rf6 Rxg4 43. Rg6 Rg1 44. Ka2 g4 45. Kb2 Rg3 46. Re6 Rf3 47. Rh6 g3 48. Rg6 Re3 49. Rf6 g2 50. Rg6 Re2 51. a4 b4 52. cxb4+ Kxb4 53. Rb6+ Kc5 54. Rg6 Kd4 55. Rg3 Ke4 56. Kc3 Re3+ 0-1

[Event "Samba Cup 1st"]
[Site "Skanderborg"]
[Date "2003.10.10"]
[Round "1"]
[White "Alekseev, Evgeny"]
[Black "Ivanchuk, Vassily"]
[Result "1/2-1/2"]
[WhiteElo "2613"]
[BlackElo "2710"]
[PlyCount "71"]
[EventDate "2003.10.10"]
[Source "ChessBase"]
[SourceDate "2004.02.03"]

1. e4 d6 2. d4 Nf6 3. Nc3 g6 4. g3 Bg7 5. Bg2 O-O 6. Nge2 e5 7. h3 c6 8. a4 a5 9. O-O Na6 10. Be3 Nb4 11. f4 exf4 12. Nxf4 d5 13. e5 Ne8 14. Qd2 f6 15. exf6 Nxf6 16. Rae1 Bd7 17. g4 Qb6 18. Kh1 Kh8 19. Nfe2 Rae8 20. Ng3 Na6 21. b3 Qb4 22. Qd3 Nc7 23. Nce2 Ne6 24. Rb1 Ng8 25. Rbd1 Qd6 26. Qd2 b6 27. c3 Rxf1+ 28. Rxf1 Rf8 29. Nf4 Nxf4 30. Bxf4 Qa3 31. Qc2 Ne7 32. Ne2 Nc8 33. Nc1 Nd6 34. Nd3 Ne4 35. Kg1 Qe7 36. Be5 1/2-1/2

[Event "Mind Sports Games - Blitz Team"]
[Site "Pechino CINA"]
[Date "2008.10.13"]
[Round "6"]
[White "Almasi, Z."]
[Black "Gurevich, M1."]
[Result "0-1"]
[WhiteElo "2663"]
[BlackElo "2634"]
[PlyCount "123"]
[EventDate "2008.10.13"]
[Source "www.chesslib.no"]
[SourceDate "2004.05.04"]

1. e4 d6 2. d4 Nf6 3. Nc3 g6 4. Bg5 Bg7 5. Qd2 h6 6. Bh4 Nc6 7. f4 O-O 8. Nf3 Bg4 9. Be2 Nd7 10. e5 dxe5 11. fxe5 Nb6 12. O-O-O Qd7 13. h3 Bxf3 14. Bxf3 Rad8 15. Bf2 a6 16. Kb1 Nc4 17. Qe2 b5 18. Ne4 Qc8 19. Nc5 Nb4 20. g4 Nd5 21. h4 c6 22. g5 h5 23. e6 fxe6 24. Be4 Nf4 25. Qe1 Nd6 26. Bf3 Kh7 27. Bg3 Nc4 28. Rf1 e5 29. Be4 Qg4 30. b3 Nd6 31. dxe5 Nxe4 32. Nxe4 Bxe5 33. Rxd8 Rxd8 34. Nc5 Bd6 35. Bxf4 Bxc5 36. Be5 Qe6 37. Qc3 Bb4 38. Qxb4 Qxe5 39. a4 Kg7 40. a5 Rf8 41. Re1 Qf4 42. Rxe7+ Kg8 43. Qc3 Rf7 44. Re8+ Rf8 45. Qxc6 Qf1+ 46. Ka2 Qf5 47. Rxf8+ Kxf8 48. Kb2 Qe5+ 49. Ka2 Qf5 50. b4 Ke7 51. Kb3 Qf1 52. Qe4+ Kf7 53. Qd5+ Ke7 54. Qb7+ Kf8 55. Qb8+ Kf7 56. Qc7+ Kf8 57. Qd6+ Kg7 58. Qe7+ Kg8 59. Qe6+ Kh7 60. Kc3 Qd3+ 61. Kxd3 Kh8 62. Ke4 0-1

[Event "Groningen"]
[Site "?"]
[Date "1995.??.??"]
[Round "?"]
[White "Adams, Mi"]
[Black "Svidler, P."]
[Result "0-1"]
[WhiteElo "2660"]
[BlackElo "2635"]
[PlyCount "86"]
[EventDate "1995.??.??"]
[Source "ChessBase"]
[SourceDate "1995.10.01"]

1. e4 d6 2. d4 Nf6 3. Nc3 g6 4. Be3 a6 5. Nf3 Bg7 6. Qd2 O-O 7. Bh6 Bg4 8. O-O-O Bxf3 9. gxf3 Nbd7 10. Bxg7 Kxg7 11. f4 e6 12. h4 d5 13. e5 Ng8 14. h5 f5 15. Qe3 Ne7 16. Ne2 Rc8 17. Rh4 c5 18. Qh3 Rh8 19. Bg2 Nc6 20. Rh1 g5 21. h6+ Kf8 22. Rh5 g4 23. Qa3 Qa5 24. Qxa5 Nxa5 25. dxc5 Nxc5 26. Rd1 Nc6 27. c4 dxc4 28. Bxc6 Nd3+ 29. Kd2 bxc6 30. Ke3 Ke7 31. Rg5 Rhg8 32. Rxg8 Rxg8 33. b3 c5 34. Rh1 Rd8 35. Rd1 cxb3 36. axb3 Nxf4 37. Rxd8 Ng2+ 38. Kd3 Kxd8 39. Kc4 f4 40. Kxc5 g3 41. f3 Kc7 42. Kd4 Nh4 43. Ke4 Ng6 0-1

[Event "Koop Tjuchem"]
[Site "Groningen"]
[Date "1996.??.??"]
[Round "8"]
[White "Leko, Peter"]
[Black "Svidler, Peter"]
[Result "1/2-1/2"]
[WhiteElo "2630"]
[BlackElo "2650"]
[PlyCount "59"]
[EventDate "1996.12.20"]
[Source "ChessBase"]
[SourceDate "1997.04.10"]

1. e4 d6 2. d4 Nf6 3. Nc3 g6 4. Bg5 h6 5. Bh4 Bg7 6. Qd2 Nbd7 7. O-O-O g5 8. Bg3 Nh5 9. Nge2 e6 10. h4 a6 11. Bh2 gxh4 12. e5 Nb6 13. Nf4 Nxf4 14. Bxf4 dxe5 15. Bxe5 Bxe5 16. dxe5 Qxd2+ 17. Rxd2 Bd7 18. Rxh4 Bc6 19. Ne2 Rg8 20. g3 Nd7 21. Nd4 Nxe5 22. Nxc6 Nxc6 23. Rxh6 Ne5 24. Bg2 c6 25. Rh5 Nd7 26. Rd4 Rc8 27. Kd2 Ke7 28. Ke2 Nf6 29. Rh1 Rg5 30. Rhd1 1/2-1/2

[Event "Cacak"]
[Site "Cacak"]
[Date "1996.??.??"]
[Round "7"]
[White "Almasi, Zoltan"]
[Black "Beliavsky, Alexander G"]
[Result "1/2-1/2"]
[WhiteElo "2655"]
[BlackElo "2620"]
[PlyCount "30"]
[EventDate "1996.11.??"]
[Source "ChessBase"]
[SourceDate "1997.04.10"]

1. e4 d6 2. d4 Nf6 3. Nc3 g6 4. Bg5 Nbd7 5. Qd2 h6 6. Bh4 c5 7. dxc5 g5 8. Bg3 Nxc5 9. f3 Bg7 10. Bb5+ Bd7 11. Nge2 Bxb5 12. Nxb5 Nh5 13. Nbc3 Nxg3 14. hxg3 Qa5 15. O-O-O O-O-O 1/2-1/2

[Event "HUN-ch"]
[Site "Budapest"]
[Date "1997.10.31"]
[Round "10"]
[White "Leko, Peter"]
[Black "Chernin, Alexander"]
[Result "1/2-1/2"]
[WhiteElo "2635"]
[BlackElo "2640"]
[PlyCount "27"]
[EventDate "1997.10.21"]
[Source "ChessBase"]
[SourceDate "1998.01.31"]

1. e4 d6 2. d4 Nf6 3. Nc3 g6 4. Bg5 Bg7 5. Qd2 Nbd7 6. O-O-O h6 7. Bh4 g5 8. Bg3 Nh5 9. f3 Nxg3 10. hxg3 c5 11. dxc5 Nxc5 12. Bb5+ Kf8 13. Nge2 a6 14. Bc4 1/2-1/2

[Event "EUCup 17th"]
[Site "Panormo"]
[Date "2001.09.23"]
[Round "1"]
[White "Stefansson, Hannes"]
[Black "Ponomariov, Ruslan"]
[Result "1-0"]
[WhiteElo "2586"]
[BlackElo "2684"]
[PlyCount "135"]
[EventDate "2001.09.22"]
[Source "ChessBase"]
[SourceDate "2001.10.26"]

1. e4 d6 2. d4 Nf6 3. Nc3 g6 4. Be3 c6 5. Qd2 b5 6. Bd3 Nbd7 7. Nf3 e5 8. O-O Bb7 9. h3 Bg7 10. a4 a6 11. dxe5 dxe5 12. Ne2 O-O 13. Ng3 Re8 14. c4 bxa4 15. c5 Bf8 16. Rfc1 a5 17. Rxa4 Qc7 18. Qc3 Ba6 19. Bxa6 Rxa6 20. Qc4 Ra7 21. Ne1 Rea8 22. Nd3 Ne8 23. Rca1 Ng7 24. Nf1 Ne6 25. Nd2 Qb7 26. R1a3 Qb5 27. b4 Be7 28. Qa2 Bg5 29. Nc4 Bxe3 30. fxe3 Qb8 31. Rxa5 Rxa5 32. Rxa5 Rxa5 33. Qxa5 h5 34. Qa6 Nd8 35. Nd6 Kg7 36. Kf2 Nf6 37. Kf3 Ne6 38. Qb7 Qxb7 39. Nxb7 Nd7 40. Na5 Nd8 41. Nb2 Kf6 42. Ke2 Ke7 43. Nbc4 f6 44. Kd3 Nf8 45. Nd6 Kd7 46. Kc4 g5 47. b5 cxb5+ 48. Kxb5 Nde6 49. Nf5 Nc7+ 50. Kb6 Nfe6 51. c6+ Kc8 52. Ne7+ Kb8 53. Nc4 Na8+ 54. Kb5 Nac7+ 55. Ka5 Nc5 56. Nd6 h4 57. Ng8 N7e6 58. Kb5 Nd3 59. Nxf6 Nc7+ 60. Ka5 Ne1 61. Nd7+ Ka7 62. Nc8+ Ka8 63. Kb6 Ne6 64. c7 Nc2 65. Nd6 Nxc7 66. Kxc7 Nxe3 67. Nb5 Nxg2 68. Nb6# 1-0

[Event "Ubeda"]
[Site "?"]
[Date "1997.??.??"]
[Round "?"]
[White "Leko, P."]
[Black "Beliavsky, A."]
[Result "1/2-1/2"]
[WhiteElo "2600"]
[BlackElo "2665"]
[PlyCount "89"]
[EventDate "1997.??.??"]
[Source "ChessBase"]
[SourceDate "1997.02.01"]

1. e4 d6 2. d4 Nf6 3. Nc3 g6 4. Bg5 Bg7 5. Qd2 h6 6. Bh4 g5 7. Bg3 Nh5 8. Nge2 e6 9. h4 Nc6 10. Bh2 Bd7 11. O-O-O Qe7 12. Qe3 a6 13. g4 Nf6 14. f3 O-O-O 15. Kb1 Kb8 16. Bg1 Bc8 17. hxg5 hxg5 18. Rxh8 Rxh8 19. Ng3 d5 20. exd5 Nxd5 21. Nxd5 exd5 22. Qxe7 Nxe7 23. Be3 Nc6 24. c3 Bf6 25. Bd3 Rh3 26. Bf2 Be7 27. Rh1 Rxh1+ 28. Nxh1 Bd6 29. Bg3 Bxg3 30. Nxg3 Ne7 31. Nh5 f5 32. Nf6 fxg4 33. fxg4 Be6 34. Kc1 Ng8 35. Nh7 Bxg4 36. Nxg5 c6 37. Kd2 Kc7 38. Ke3 Kd6 39. Nf7+ Ke7 40. Ne5 Be6 41. b4 Nf6 42. a4 Nd7 43. a5 Kd6 44. Nxd7 Bxd7 45. Kf4 1/2-1/2

[Event "FRA Ch Top 16 GpA"]
[Site "?"]
[Date "2005.03.31"]
[Round "4"]
[White "Bacrot Etienne"]
[Black "Nijboer Friso"]
[Result "1/2-1/2"]
[WhiteElo "2715"]
[BlackElo "2549"]
[PlyCount "93"]
[EventDate "2005.??.??"]
[Source "www.chesslib.no"]
[SourceDate "2004.05.04"]

1. e4 d6 2. d4 Nf6 3. Nc3 g6 4. Be3 c6 5. h3 Nbd7 6. Nf3 e5 7. a4 Bg7 8. dxe5 dxe5 9. Nd2 O-O 10. Nc4 Ne8 11. Bc5 Qf6 12. Bxf8 Nxf8 13. Be2 h5 14. O-O Ne6 15. Nd6 Nxd6 16. Qxd6 Bf8 17. Qd3 Nf4 18. Qg3 Bb4 19. Rfe1 Be6 20. Rad1 Kg7 21. h4 Bc5 22. Bf3 Kh6 23. Rd2 Rg8 24. Qg5+ Qxg5 25. hxg5+ Kxg5 26. g3 Nh3+ 27. Kg2 Kf6 28. Bd1 Ke7 29. Rh1 Ng5 30. Re2 Bc4 31. Ree1 Bd4 32. Be2 Bxc3 33. bxc3 Bxe2 34. Rxe2 a5 35. f4 Ne6 36. fxe5 Nc5 37. Rf1 Nd7 38. Rd2 Nxe5 39. Rb1 Rb8 40. Rd4 b6 41. c4 Nd7 42. c5 Nxc5 43. Rc4 Kd6 44. Rd4+ Ke5 45. Rc4 Kd6 46. Rd4+ Ke5 47. Rc4 1/2-1/2

[Event "Beograd"]
[Site "?"]
[Date "1993.??.??"]
[Round "?"]
[White "Tiviakov, S."]
[Black "Hodgson, Ju"]
[Result "1-0"]
[WhiteElo "2635"]
[BlackElo "2625"]
[PlyCount "59"]
[EventDate "1993.??.??"]
[Source "ChessBase"]
[SourceDate "1993.10.01"]

1. e4 d6 2. d4 Nf6 3. Nc3 g6 4. Bg5 Bg7 5. Qd2 c6 6. f4 O-O 7. Nf3 d5 8. Bxf6 exf6 9. O-O-O Bg4 10. exd5 cxd5 11. Be2 Nc6 12. h3 Be6 13. g4 Bh6 14. Rhf1 Qc7 15. Ne1 Na5 16. Kb1 a6 17. Ng2 b5 18. Ne3 Rad8 19. f5 Bxe3 20. Qxe3 Bc8 21. g5 Rfe8 22. Qd2 fxg5 23. Qxg5 Qe7 24. f6 Qe3 25. Rf4 Qxh3 26. Bf3 h6 27. Qg1 Be6 28. Qf2 Bc8 29. Rh1 Qe6 30. Qh4 1-0

[Event "It"]
[Site "Pune"]
[Date "2004.09.03"]
[Round "1"]
[White "Ganguly, Surya Shekhar"]
[Black "Azmaiparashvili, Zurab"]
[Result "0-1"]
[WhiteElo "2574"]
[BlackElo "2679"]
[PlyCount "58"]
[EventDate "2004.08.03"]
[Source "Roberto Alvarez"]
[SourceDate "2004.09.15"]

1. e4 d6 2. d4 Nf6 3. Nc3 g6 4. Be3 c6 5. Qd2 b5 6. Bd3 Nbd7 7. a4 b4 8. Nce2 Qa5 9. Nf3 c5 10. dxc5 Nxc5 11. Bb5+ Bd7 12. Bxc5 dxc5 13. O-O Bxb5 14. axb5 Qxb5 15. e5 Rd8 16. Ned4 Ne4 17. Nxb5 Nxd2 18. Nxd2 Rxd2 19. Rfd1 Rxd1+ 20. Rxd1 e6 21. Ra1 Kd7 22. c4 bxc3 23. Rxa7+ Kc6 24. Nxc3 c4 25. Rxf7 Bb4 26. Rf4 Kc5 27. Ne4+ Kd4 28. Ng5+ Kd5 29. g3 Bd2 0-1

[Event "It I"]
[Site "?"]
[Date "1994.??.??"]
[Round "8"]
[White "Tiviakov Sergei"]
[Black "Smirin Ilia"]
[Result "0-1"]
[WhiteElo "2630"]
[BlackElo "2615"]
[PlyCount "110"]
[EventDate "1994.??.??"]
[Source "www.chesslib.no"]
[SourceDate "2004.05.04"]

1. e4 d6 2. d4 Nf6 3. Nc3 g6 4. Bg5 Bg7 5. Qd2 h6 6. Bh4 g5 7. Bg3 Nh5 8. O-O-O Nd7 9. Nge2 a6 10. h4 g4 11. f3 f5 12. e5 Nb6 13. exd6 cxd6 14. Bf2 Be6 15. d5 Nc4 16. Qe1 Bd7 17. Nd4 Ne5 18. Ne6 Bxe6 19. dxe6 Qa5 20. Nd5 Qxa2 21. Qb4 O-O 22. Nxe7+ Kh8 23. Rxd6 Rad8 24. Bd4 Kh7 25. Rxd8 Rxd8 26. Nxf5 Nc6 27. e7 Rxd4 28. Nxd4 Nxb4 29. e8=Q Ng3 30. Qd7 Nxh1 31. Qf5+ Kh8 32. Qc8+ Qg8 33. Qxg4 Be5 34. Qe4 Qd5 35. Qxd5 Nxd5 36. Nf5 Ng3 37. Bc4 Nxf5 38. Bxd5 b6 39. h5 Ng3 40. Bf7 Kg7 41. Be8 Kf6 42. c3 Kg5 43. Kd2 Nxh5 44. Ke3 Bf4+ 45. Kd4 Nf6 46. Bc6 a5 47. b3 Kh4 48. g4 Kg3 49. Kd3 Nh7 50. Ke2 Ng5 51. Bd5 Be5 52. c4 Kf4 53. Kf2 Bd4+ 54. Ke2 Bc5 55. Ke1 Bf8 0-1

[Event "Kettler Cup"]
[Site "Ceska Trebova"]
[Date "1996.??.??"]
[Round "4"]
[White "Hracek, Zbynek"]
[Black "Ftacnik, Lubomir"]
[Result "1/2-1/2"]
[WhiteElo "2625"]
[BlackElo "2610"]
[PlyCount "59"]
[EventDate "1996.11.??"]
[Source "ChessBase"]

1. e4 d6 2. d4 Nf6 3. Nc3 g6 4. Bg5 c6 5. Qd2 b5 6. Bd3 h6 7. Bh4 Qb6 8. e5 dxe5 9. dxe5 Ng4 10. Nf3 Bg7 11. O-O-O Be6 12. Rhe1 Nd7 13. Bg3 h5 14. Ng5 Nc5 15. f3 h4 16. Bf4 Nf2 17. Nxe6 Nfxd3+ 18. cxd3 Nxe6 19. Be3 Qa5 20. d4 b4 21. Ne4 Rd8 22. Kb1 Bxe5 23. Qc2 Bxd4 24. Ng5 Bxe3 25. Qxc6+ Kf8 26. Nxe6+ fxe6 27. Rxd8+ Qxd8 28. Rxe3 Qd1+ 29. Qc1 Qxc1+ 30. Kxc1 1/2-1/2

[Event "Slovenija 83/73"]
[Site "?"]
[Date "2001.??.??"]
[Round "?"]
[White "Sveshnikov, E."]
[Black "Beliavsky, A."]
[Result "1/2-1/2"]
[WhiteElo "2556"]
[BlackElo "2668"]
[PlyCount "83"]
[EventDate "2001.??.??"]
[Source "Chess Informant"]
[SourceDate "2001.10.01"]

1. e4 d6 2. d4 Nf6 3. Nc3 g6 4. Be3 c6 5. h3 Nbd7 6. f4 Qa5 7. Bd3 c5 8. Nge2 c4 9. Bxc4 Nxe4 10. O-O Ndf6 11. Bb5+ Bd7 12. Bxd7+ Kxd7 13. Nxe4 Nxe4 14. Qd3 f5 15. c4 Bg7 16. Rfc1 Rhc8 17. Nc3 Nxc3 18. Rxc3 d5 19. c5 Rc6 20. Ra3 Qc7 21. b4 Ke8 22. b5 Re6 23. Rc1 a6 24. g3 Rb8 25. Rb1 axb5 26. Qxb5+ Qd7 27. Kf2 Qxb5 28. Rxb5 Kd8 29. Ra4 Ke8 30. Rab4 Ra8 31. a4 Rea6 32. Rxb7 Bf6 33. g4 Rxa4 34. g5 Rxb4 35. Rxb4 Ra2+ 36. Kf3 Bg7 37. Bf2 Rc2 38. Ra4 Kd7 39. Ra7+ Ke6 40. Ra6+ Kf7 41. Ra4 Ke6 42. Ra6+ 1/2-1/2

[Event "ECC"]
[Site "Rethymnon"]
[Date "2003.09.28"]
[Round "1"]
[White "Ivanchuk, Vassily"]
[Black "Gretarsson, Helgi Ass"]
[Result "1-0"]
[WhiteElo "2710"]
[BlackElo "2513"]
[PlyCount "71"]
[EventDate "2003.09.28"]
[Source "Roberto Alvarez"]
[SourceDate "2003.10.06"]

1. e4 d6 2. d4 Nf6 3. Nc3 g6 4. Be3 c6 5. h3 Nbd7 6. f4 e5 7. Nf3 Bh6 8. Qd2 Nh5 9. fxe5 Bxe3 10. Qxe3 dxe5 11. O-O-O Qf6 12. dxe5 Qf4 13. Kd2 O-O 14. Qxf4 Nxf4 15. Ke3 Ne6 16. Bc4 Nc7 17. e6 fxe6 18. Rhf1 Re8 19. Ng5 Re7 20. Rd6 Nb6 21. Rd8+ Kg7 22. Bb3 Bd7 23. Rxa8 Nbxa8 24. e5 Nd5+ 25. Kd2 Be8 26. Nce4 h6 27. Nf3 g5 28. Nd4 Nac7 29. g4 Nf4 30. h4 Rd7 31. Ke3 Rf7 32. Nf6 c5 33. Nf3 Bc6 34. hxg5 Bxf3 35. gxh6+ Kxh6 36. Rxf3 1-0

[Event "Slovenian Teams"]
[Site "?"]
[Date "1998.11.09"]
[Round "3"]
[White "Sveshnikov Evgeny"]
[Black "Beliavsky Alexander G"]
[Result "1/2-1/2"]
[WhiteElo "2575"]
[BlackElo "2645"]
[PlyCount "53"]
[EventDate "1998.??.??"]
[Source "www.chesslib.no"]
[SourceDate "2004.05.04"]

1. e4 d6 2. d4 Nf6 3. Nc3 g6 4. Be3 c6 5. h3 Bg7 6. f4 Qb6 7. Rb1 e5 8. Nf3 O-O 9. fxe5 dxe5 10. Bc4 exd4 11. Qxd4 Qxd4 12. Bxd4 Nfd7 13. Bxg7 Kxg7 14. a4 a5 15. O-O Na6 16. Rbe1 Nac5 17. e5 Nb6 18. Ba2 Be6 19. Bxe6 Nxe6 20. b3 Nc5 21. Ng5 Rae8 22. Nce4 Nxe4 23. Nxe4 Re7 24. Nd6 Rb8 25. Rf3 Nd7 26. Rxf7+ Rxf7 27. Nxf7 1/2-1/2

[Event "Kazan 85/67"]
[Site "?"]
[Date "2002.??.??"]
[Round "?"]
[White "Rublevsky, S."]
[Black "Timofeev, Ar"]
[Result "1-0"]
[WhiteElo "2658"]
[BlackElo "2558"]
[PlyCount "53"]
[EventDate "2002.??.??"]
[Source "Chess Informant"]
[SourceDate "2002.06.01"]

1. e4 d6 2. d4 Nf6 3. Nc3 g6 4. Bg5 Bg7 5. Qd2 h6 6. Bh4 g5 7. Bg3 Nh5 8. Nge2 Nc6 9. O-O-O Bd7 10. Kb1 e6 11. d5 Ne5 12. Nd4 Qf6 13. Ncb5 O-O 14. Nxc7 Rac8 15. dxe6 fxe6 16. Ncb5 Nxg3 17. hxg3 Nc6 18. c3 Qxf2 19. Nxd6 Rb8 20. Bc4 Nxd4 21. cxd4 b5 22. Bb3 a5 23. Qxa5 Bxd4 24. Rd2 Bb6 25. Qc3 b4 26. Qd3 Qc5 27. e5 1-0

[Event "FIDE Wch"]
[Site "?"]
[Date "1999.??.??"]
[Round "2"]
[White "Hamdouchi Hichem"]
[Black "Beliavsky Alexander G"]
[Result "0-1"]
[WhiteElo "2564"]
[BlackElo "2650"]
[PlyCount "56"]
[EventDate "1999.??.??"]
[Source "www.chesslib.no"]
[SourceDate "2004.05.04"]

1. e4 d6 2. d4 Nf6 3. Nc3 g6 4. Bf4 a6 5. e5 Nh5 6. Be3 Nc6 7. Be2 Ng7 8. f4 Nf5 9. Bf2 dxe5 10. dxe5 h5 11. Nf3 Bh6 12. Qxd8+ Nxd8 13. g3 Bd7 14. O-O Ne6 15. Bd3 O-O-O 16. Rfd1 Bg7 17. Bxf5 gxf5 18. Nh4 Nf8 19. Rd3 e6 20. Rad1 Nh7 21. Bc5 Bc6 22. Kf2 Nf8 23. Nf3 Nd7 24. Ba3 f6 25. exf6 Bxf6 26. Kg2 h4 27. Re3 hxg3 28. hxg3 Rde8 0-1

[Event "MTO"]
[Site "Biel"]
[Date "2004.07.30"]
[Round "11"]
[White "Kobalija, Mihail"]
[Black "Tseshkovsky, Vitaly"]
[Result "1/2-1/2"]
[WhiteElo "2618"]
[BlackElo "2588"]
[PlyCount "71"]
[EventDate "2004.07.19"]
[Source "Roberto Alvarez"]
[SourceDate "2004.08.10"]

1. e4 d6 2. d4 Nf6 3. Nc3 g6 4. Bg5 Bg7 5. Qd2 h6 6. Bh4 Nbd7 7. f4 c5 8. dxc5 Nxc5 9. Bb5+ Bd7 10. Bxf6 Bxf6 11. Bxd7+ Qxd7 12. Nge2 Qe6 13. Qe3 Bxc3+ 14. Nxc3 f5 15. O-O-O fxe4 16. Rhe1 a5 17. Nxe4 Qxe4 18. Qxe4 Nxe4 19. Rxe4 Kd7 20. Rde1 Rh7 21. R1e3 g5 22. f5 Rf8 23. g4 h5 24. h3 hxg4 25. hxg4 Rc8 26. b3 b5 27. a3 Rc5 28. Re6 Rd5 29. R3e4 Kc6 30. Rxe7 Rxe7 31. Rxe7 Rd4 32. Rg7 Rxg4 33. Kd2 Rg3 34. f6 Rf3 35. Rf7 g4 36. Ke2 1/2-1/2

[Event "New York"]
[Site "?"]
[Date "2000.??.??"]
[Round "?"]
[White "Becerra Rivero, J."]
[Black "Smirin, I."]
[Result "0-1"]
[WhiteElo "2540"]
[BlackElo "2665"]
[PlyCount "88"]
[EventDate "2000.??.??"]
[Source "Chess Informant"]
[SourceDate "2000.02.01"]

1. e4 d6 2. d4 Nf6 3. Nc3 g6 4. Be3 c6 5. f3 Nbd7 6. Qd2 b5 7. h4 Nb6 8. a4 b4 9. Nd1 a5 10. b3 h5 11. Nf2 Bg7 12. Ngh3 Qc7 13. Be2 c5 14. dxc5 dxc5 15. O-O O-O 16. Rad1 c4 17. Bf4 Qc6 18. Ng5 Ba6 19. Qe3 Nfd7 20. g4 Nf6 21. Bh2 Rfc8 22. Rd2 Nbd7 23. gxh5 Nxh5 24. e5 Qc5 25. Qe4 Nf8 26. Rd5 Qb6 27. Bxc4 Bxc4 28. bxc4 Qc6 29. Rb5 Qxc4 30. Rb7 f6 31. exf6 exf6 32. Nf7 f5 33. Qe7 Re8 34. Qg5 Qc6 35. Rc7 Qxf3 36. Bd6 Ra6 37. Qh6 Qe3 38. Qxe3 Rxe3 39. Nd3 b3 40. Nc5 Rxd6 41. Nxd6 bxc2 42. Ncb7 Re2 43. Rc4 Ne6 44. Nb5 Nef4 0-1

[Event "Zalaegerszeg"]
[Site "Zalaegerszeg"]
[Date "2004.04.28"]
[Round "5"]
[White "Pavasovic, Dusko"]
[Black "Berkes, Ferenc"]
[Result "0-1"]
[WhiteElo "2591"]
[BlackElo "2613"]
[PlyCount "98"]
[EventDate "2004.04.24"]
[Source "ChessBase"]
[SourceDate "2004.07.27"]

1. e4 d6 2. d4 Nf6 3. Nc3 g6 4. g3 Bg7 5. Bg2 O-O 6. Nge2 e5 7. h3 c6 8. Be3 b5 9. dxe5 dxe5 10. Qxd8 Rxd8 11. Nc1 a5 12. a4 b4 13. Nb1 Be6 14. Nd2 c5 15. Nd3 Nfd7 16. Bxc5 Rc8 17. Be3 Rxc2 18. Ke2 Na6 19. Rhc1 b3 20. Kd1 Rac8 21. Bf1 Nac5 22. Nxc5 Nxc5 23. Bxc5 R8xc5 24. Bd3 Rxd2+ 25. Kxd2 Bh6+ 26. f4 Rxc1 27. Rxc1 exf4 28. Rg1 fxg3+ 29. Ke2 Bf4 30. Kf3 Be5 31. Kg2 Bxb2 32. Kxg3 Be5+ 33. Kg2 b2 34. Bc2 Kg7 35. Rd1 Kf6 36. Bb1 Bb3 37. Rd3 Be6 38. Rd2 Kg5 39. Rc2 Kh4 40. Rc5 Bxh3+ 41. Kh1 f6 42. Rxa5 Kg3 43. Rd5 Bg2+ 44. Kg1 h5 45. a5 h4 46. a6 h3 47. Rd3+ Bf3 48. Rxf3+ Kxf3 49. Kh1 Bb8 0-1

[Event "8th WUCC"]
[Site "Instanbul"]
[Date "2004.09.11"]
[Round "9"]
[White "Smirnov, Pavel"]
[Black "Gagunashvili, Merab"]
[Result "1-0"]
[WhiteElo "2620"]
[BlackElo "2580"]
[PlyCount "73"]
[EventDate "2004.09.05"]
[Source "Roberto Alvarez"]
[SourceDate "2004.09.21"]

1. e4 d6 2. d4 Nf6 3. Nc3 g6 4. Bg5 c6 5. Qd2 b5 6. Bd3 Bg7 7. f4 O-O 8. Nf3 Bg4 9. O-O Qb6 10. Ne2 d5 11. Bxf6 Bxf6 12. e5 Bg7 13. Qe3 Nd7 14. f5 c5 15. c3 cxd4 16. cxd4 Bxf5 17. Bxf5 gxf5 18. Ng3 e6 19. Nh5 f6 20. Nxg7 Kxg7 21. Rac1 Kh8 22. exf6 Rxf6 23. Ne5 Nxe5 24. Qxe5 Raf8 25. Rc7 Kg8 26. Rfc1 Qa5 27. R1c3 Rg6 28. Rg3 Rff6 29. Rxg6+ hxg6 30. h4 f4 31. Kf2 f3 32. gxf3 Qd2+ 33. Kg3 Qd1 34. Qxf6 Qg1+ 35. Kf4 Qh2+ 36. Kg5 Qxc7 37. Qxg6+ 1-0

[Event "Bad Homburg"]
[Site "Bad Homburg"]
[Date "1996.??.??"]
[Round "4"]
[White "Movsesian, Sergei"]
[Black "Gabriel, Christian"]
[Result "1/2-1/2"]
[WhiteElo "2635"]
[BlackElo "2565"]
[PlyCount "63"]
[EventDate "1996.07.20"]
[Source "ChessBase"]

1. e4 d6 2. d4 Nf6 3. Nc3 g6 4. Be3 c6 5. f3 b5 6. Qd2 Nbd7 7. g4 Nb6 8. b3 Bb7 9. g5 Nfd7 10. h4 Qc7 11. h5 Rg8 12. hxg6 hxg6 13. a4 b4 14. Nd1 a5 15. c3 bxc3 16. Nxc3 d5 17. exd5 Nxd5 18. Nxd5 cxd5 19. Rc1 Qb6 20. Kf2 e6 21. Bb5 Ba3 22. Rc2 Ke7 23. Bf4 Bb4 24. Qd3 Rac8 25. Rxc8 Rxc8 26. Ne2 Bc6 27. Qc2 Bb7 28. Qd3 Bc6 29. Bxc6 Qxc6 30. Rc1 Qb7 31. Rc2 Rc6 32. Rxc6 1/2-1/2